5HLuxD.jpg

KING HENRY VIII SENIOR AND PRIMARY SCHOOL LIBRARY OPAC

TILLY PLANTS A TREE (Record no. 4090)

000 -LEADER
fixed length control field 01106nam a22002777a 4500
005 - DATE AND TIME OF LATEST TRANSACTION
control field 20251008084625.0
008 - FIXED-LENGTH DATA ELEMENTS--GENERAL INFORMATION
fixed length control field 250114b ||||| |||| 00| 0 eng d
020 ## - INTERNATIONAL STANDARD BOOK NUMBER
International Standard Book Number 9781839941740
040 ## - CATALOGING SOURCE
Transcribing agency KH8
082 ## - DEWEY DECIMAL CLASSIFICATION NUMBER
Classification number 823 PET
100 ## - MAIN ENTRY--PERSONAL NAME
Personal name PETTY,WILLIAM
Relator term AUTHOR
245 ## - TITLE STATEMENT
Title TILLY PLANTS A TREE
260 ## - PUBLICATION, DISTRIBUTION, ETC.
Place of publication, distribution, etc. 14 Baden Place, Crosby Row, London SE1 1YW, United Kingdom
Name of publisher, distributor, etc. Nosy Crow Ltd, an imprint of Nosy Crow and The National Trust
Date of publication, distribution, etc. 2022
300 ## - PHYSICAL DESCRIPTION
Extent 16 pages
Other physical details color illustrations
Dimensions 26 cm x 26 cm
500 ## - GENERAL NOTE
General note "Produced in partnership with the National Trust"—Cover.
520 ## - SUMMARY, ETC.
Summary, etc. Tilly loves visiting the community garden, especially when it's time to plant a tree. She learns about trees, seasons, and why caring for nature is important.
521 ## - TARGET AUDIENCE NOTE
Target audience note Ages 3–6.
650 ## - SUBJECT ADDED ENTRY--TOPICAL TERM
Source of heading or term Tree planting
Topical term or geographic name entry element Juvenile fiction
650 ## - SUBJECT ADDED ENTRY--TOPICAL TERM
Source of heading or term Gardening
Topical term or geographic name entry element Juvenile fiction
650 ## - SUBJECT ADDED ENTRY--TOPICAL TERM
Source of heading or term Environmental protection
Topical term or geographic name entry element Juvenile fiction
650 ## - SUBJECT ADDED ENTRY--TOPICAL TERM
Source of heading or term Community gardens
Topical term or geographic name entry element Juvenile fiction
655 ## - INDEX TERM--GENRE/FORM
Genre/form data or focus term Picture books
655 ## - INDEX TERM--GENRE/FORM
Genre/form data or focus term Children’s stories
700 ## - ADDED ENTRY--PERSONAL NAME
Personal name Scheffler,Axel
Relator term illustrator
942 ## - ADDED ENTRY ELEMENTS (KOHA)
Source of classification or shelving scheme
Koha item type Books - Fiction
Holdings
Withdrawn status Lost status Source of classification or shelving scheme Damaged status Not for loan Collection code Permanent Location Current Location Shelving location Date acquired Total Checkouts Full call number Barcode Date last seen Date last checked out Price effective from Koha item type Public note
          Non-Fiction KH8 Primary School Library KH8 Primary School Library Non Fiction 2025-01-14 2 823 KHPL00004527 2025-12-05 2025-11-27 2025-01-14 Books - Non Ficton PRIMARY LIBRARY

Powered By KH8 IT Dept